[Event "Teplice Open 2019"]
[Site "Teplice"]
[Date "2019.06.18"]
[Round "4.26"]
[White "Haldorsen, Benjamin"]
[Black "Cholleti Sahajasri"]
[Result "1-0"]
[WhiteElo "2454"]
[BlackElo "2207"]
[Annotator "ChessBase"]
[PlyCount "73"]
[EventDate "2019.06.15"]
[EventType "swiss"]
[EventCountry "CZE"]
[SourceTitle "playchess.com"]
[Source "ChessBase"]
[SourceQuality "1"]
[TimeControl "40/5400+30:1800+30"]

1. e4 {[%emt 0:00:00]} c5 {[%emt 0:00:00]} 2. Nc3 {[%emt 0:00:36]} d6 {[%emt 0:00:00]} 3. f4 {[%emt 0:00:40]} Nc6 {[%emt 0:01:03]} 4. Nf3 {[%emt 0:00:32]} g6 {[%emt 0:01:26]} 5. Bc4 {[%emt 0:00:45]} Bg7 {[%emt 0:02:17]} 6. O-O {[%emt 0:00:35]} Nf6 {[%emt 0:00:14]} 7. d3 {[%emt 0:00:24]} O-O {[%emt 0:00:08]} 8. Qe1 {[%emt 0:00:39]} Bg4 {[%emt 0:02:09]} 9. f5 {[%emt 0:00:17]} Bxf3 {[%emt 0:22:03]} 10. Rxf3 {[%emt 0:00:06]} Ne5 {[%emt 0:09:24]} 11. Rh3 {[%emt 0:00:26]} e6 {[%emt 0:08:18]} 12. Bg5 {[%emt 0:25:54]} h6 {[%emt 0:14:01]} 13. Bxh6 {[%emt 0:06:43]} Bxh6 {[%emt 0:00:05]} 14. Rxh6 {[%emt 0:00:09]} Nfg4 {[%emt 0:03:45]} 15. Rh3 {[%emt 0:09:18]} Qf6 {[%emt 0:05:11]} 16. Qh4 {[%emt 0:06:43]} Qxh4 {[%emt 0:01:55]} 17. Rxh4 {[%emt 0:00:12]} Nxc4 {[%emt 0:06:29]} 18. dxc4 {[%emt 0:01:38]} Ne3 {[%emt 0:00:22]} 19. f6 {[%emt 0:04:57]} Nxc4 {[%emt 0:00:12]} 20. Re1 {[%emt 0:01:34]} Rfd8 {[%emt 0:03:29]} 21. b3 {[%emt 0:08:29]} Ne5 {[%emt 0:00:07]} 22. Re3 {[%emt 0:01:31]} g5 {[%emt 0:00:45]} 23. Rh5 {[%emt 0:00:06]} Ng6 {[%emt 0:00:05]} 24. Rxg5 {[%emt 0:00:40]} Kf8 {[%emt 0:00:02]} 25. Rd3 {[%emt 0:06:06]} a6 {[%emt 0:00:31]} 26. Ne2 {[%emt 0:09:40]} Ke8 {[%emt 0:01:00]} 27. Kf2 {[%emt 0:01:05]} b5 {[%emt 0:02:00]} 28. g3 {[%emt 0:01:08]} Rac8 {[%emt 0:03:29]} 29. h4 {[%emt 0:00:11]} c4 {[%emt 0:00:34]} 30. Rd2 {[%emt 0:00:27]} Nf8 {[%emt 0:01:27]} 31. Nf4 {[%emt 0:01:02]} cxb3 {[%emt 0:01:34]} 32. axb3 {[%emt 0:00:21]} Rc6 {[%emt 0:02:54]} 33. Ke2 {[%emt 0:02:00]} Rdc8 {[%emt 0:01:23]} 34. Kd1 {[%emt 0:00:42]} Rb6 {[%emt 0:01:24]} 35. b4 {[%emt 0:05:44]} Rc4 {[%emt 0:01:44]} 36. Rg8 {[%emt 0:00:12]} Rxb4 {[%emt 0:00:10]} 37. Nh5 {[%emt 0:00:12]} 1-0

[Event "Teplice Open 2019"]
[Site "Teplice"]
[Date "2019.06.18"]
[Round "4.27"]
[White "Lorscheid, Gerhard"]
[Black "Cawdery, Daniel"]
[Result "1/2-1/2"]
[WhiteElo "2214"]
[BlackElo "2428"]
[Annotator "NA"]
[PlyCount "58"]
[EventDate "2019.06.15"]
[EventType "swiss"]
[EventCountry "CZE"]
[SourceTitle "playchess.com"]
[Source "ChessBase"]
[SourceQuality "1"]
[TimeControl "40/5400+30:1800+30"]

1. d4 {[%emt 0:00:00]} Nf6 {[%emt 0:00:00]} 2. c4 {[%emt 0:00:00]} g6 {[%emt 0:00:16]} 3. Nc3 {[%emt 0:00:00]} d5 {[%emt 0:00:03]} 4. Bg5 {[%emt 0:00:17]} Bg7 {[%emt 0:00:35]} 5. e3 {[%emt 0:01:40]} c5 {[%emt 0:01:35]} 6. dxc5 {[%emt 0:01:34]} Qa5 {[%emt 0:00:42]} 7. Bxf6 {[%emt 0:06:43]} Bxf6 {[%emt 0:00:04]} 8. Rc1 {[%emt 0:00:17]} dxc4 {[%emt 0:00:26]} 9. Bxc4 {[%emt 0:00:09]} O-O {[%emt 0:00:43]} 10. Nf3 {[%emt 0:06:43]} Qxc5 {[%emt 0:03:41]} 11. Qe2 {[%emt 0:02:01]} Bg7 {[%emt 0:01:20]} 12. O-O {[%emt 0:02:02]} Nc6 {[%emt 0:03:17]} 13. Nd5 {[%emt 0:25:24]} Qd6 {[%emt 0:26:30]} 14. Rfd1 {[%emt 0:02:01]} Bg4 {[%emt 0:01:04]} 15. Nb6 {[%emt 0:13:17]} Bxf3 {[%emt 0:07:37]} 16. Qxf3 {[%emt 0:04:58]} Nd4 {[%emt 0:01:38]} 17. Rxd4 {[%emt 0:00:11]} Qxb6 {[%emt 0:00:13]} 18. Rd7 {[%emt 0:00:15]} Qxb2 {[%emt 0:02:12]} 19. Rcd1 {[%emt 0:01:13]} Qb4 {[%emt 0:04:16]} 20. Qe4 {[%emt 0:04:28]} e6 {[%emt 0:08:01]} 21. Rxb7 {[%emt 0:00:50]} Qa4 {[%emt 0:00:19]} 22. Rdb1 {[%emt 0:05:01]} Rac8 {[%emt 0:01:07]} 23. R7b4 {[%emt 0:00:16]} Qa3 {[%emt 0:02:13]} 24. g3 {[%emt 0:01:48]} a5 {[%emt 0:03:01]} 25. Rb5 {[%emt 0:01:27]} Qa4 {[%emt 0:05:55]} 26. Bd5 {[%emt 0:00:05]} Qa3 {[%emt 0:01:07]} 27. Bc4 {[%emt 0:00:09]} Qa4 {[%emt 0:00:05]} 28. Bd5 {[%emt 0:00:03]} Qa3 {[%emt 0:00:02]} 29. Bc4 {[%emt 0:00:12]} Qa4 {[%emt 0:00:02]} 1/2-1/2

[Event "Teplice Open 2019"]
[Site "Teplice"]
[Date "2019.06.18"]
[Round "4.28"]
[White "Georgescu, Lena"]
[Black "Kirk, Ezra"]
[Result "1-0"]
[WhiteElo "2200"]
[BlackElo "2428"]
[Annotator "NA"]
[PlyCount "47"]
[EventDate "2019.06.15"]
[EventType "swiss"]
[EventCountry "CZE"]
[SourceTitle "playchess.com"]
[Source "ChessBase"]
[SourceQuality "1"]
[TimeControl "40/5400+30:1800+30"]

1. e4 {[%emt 0:00:00]} e6 {[%emt 0:01:37]} 2. d4 {[%emt 0:00:00]} d5 {[%emt 0:00:07]} 3. Nc3 {[%emt 0:00:00]} Nf6 {[%emt 0:00:44]} 4. Bg5 {[%emt 0:00:00]} Bb4 {[%emt 0:00:35]} 5. e5 {[%emt 0:00:05]} h6 {[%emt 0:00:07]} 6. Bc1 {[%emt 0:00:04]} Ne4 {[%emt 0:00:43]} 7. Qg4 {[%emt 0:00:12]} g6 {[%emt 0:00:57]} 8. Nge2 {[%emt 0:00:11]} Nxc3 {[%emt 0:00:22]} 9. Nxc3 {[%emt 0:07:18]} c5 {[%emt 0:00:12]} 10. a3 {[%emt 0:00:36]} Bxc3+ {[%emt 0:00:07]} 11. bxc3 {[%emt 0:00:04]} Qa5 {[%emt 0:00:08]} 12. Bd2 {[%emt 0:00:05]} Qa4 {[%emt 0:00:05]} 13. Bd3 {[%emt 0:00:11]} Nc6 {[%emt 0:00:42]} 14. h4 {[%emt 0:03:47]} Nxe5 {[%emt 0:12:20]} 15. Qe2 {[%emt 0:00:55]} Nc4 {[%emt 0:11:25]} 16. O-O {[%emt 0:08:53]} Bd7 {[%emt 0:08:02]} 17. Bxc4 {[%emt 0:02:28]} Qxc4 {[%emt 0:00:44]} 18. Qe5 {[%emt 0:00:34]} Rh7 {[%emt 0:05:35]} 19. Rab1 {[%emt 0:19:02]} b6 {[%emt 0:07:46]} 20. h5 {[%emt 0:19:07]} gxh5 {[%emt 0:01:31]} 21. Qf6 {[%emt 0:02:02]} cxd4 {[%emt 0:19:50]} 22. cxd4 {[%emt 0:01:17]} Qc7 {[%emt 0:01:38]} 23. Rb3 {[%emt 0:08:32]} Qd8 {[%emt 0:01:18]} 24. Rg3 {[%emt 0:01:11]} 1-0

[Event "Teplice Open 2019"]
[Site "Teplice"]
[Date "2019.06.18"]
[Round "4.29"]
[White "Kucera, Petr"]
[Black "Hollan, Martin"]
[Result "1/2-1/2"]
[WhiteElo "2248"]
[BlackElo "2423"]
[Annotator "ChessBase"]
[PlyCount "175"]
[EventDate "2019.06.15"]
[EventType "swiss"]
[EventCountry "CZE"]
[SourceTitle "playchess.com"]
[Source "ChessBase"]
[SourceQuality "1"]
[TimeControl "40/5400+30:1800+30"]

1. d4 {[%emt 0:00:00]} Nf6 {[%emt 0:00:00]} 2. Nf3 {[%emt 0:00:00]} g6 {[%emt 0:00:00]} 3. c4 {[%emt 0:00:35]} Bg7 {[%emt 0:00:00]} 4. Nc3 {[%emt 0:00:25]} O-O {[%emt 0:00:00]} 5. Bg5 {[%emt 0:02:01]} d6 {[%emt 0:02:42]} 6. e3 {[%emt 0:00:40]} Nbd7 {[%emt 0:02:18]} 7. Be2 {[%emt 0:01:32]} h6 {[%emt 0:05:59]} 8. Bh4 {[%emt 0:01:54]} g5 {[%emt 0:01:48]} 9. Bg3 {[%emt 0:02:29]} Nh5 {[%emt 0:07:52]} 10. Qc2 {[%emt 0:12:50]} Nxg3 {[%emt 0:03:39]} 11. hxg3 {[%emt 0:02:00]} e6 {[%emt 0:07:06]} 12. g4 {[%emt 0:17:34]} Nf6 {[%emt 0:09:44]} 13. Nd2 {[%emt 0:08:07]} e5 {[%emt 0:02:06]} 14. f3 {[%emt 0:16:21]} exd4 {[%emt 0:02:39]} 15. exd4 {[%emt 0:00:09]} d5 {[%emt 0:01:13]} 16. O-O-O {[%emt 0:06:25]} Be6 {[%emt 0:04:30]} 17. Kb1 {[%emt 0:04:25]} Rc8 {[%emt 0:07:33]} 18. c5 {[%emt 0:05:06]} c6 {[%emt 0:00:31]} 19. Bd3 {[%emt 0:04:37]} b6 {[%emt 0:12:23]} 20. Nb3 {[%emt 0:02:39]} Nd7 {[%emt 0:00:00]} 21. Ne2 {[%emt 0:03:32]} bxc5 {[%emt 0:09:14]} 22. Nxc5 {[%emt 0:05:54]} Nxc5 {[%emt 0:00:21]} 23. Qxc5 {[%emt 0:00:30]} Re8 {[%emt 0:02:06]} 24. Ng3 {[%emt 0:00:25]} Bf8 {[%emt 0:00:52]} 25. Qc2 {[%emt 0:00:30]} c5 {[%emt 0:02:00]} 26. Bh7+ {[%emt 0:01:45]} Kh8 {[%emt 0:00:22]} 27. Bf5 {[%emt 0:00:25]} cxd4 {[%emt 0:10:02]} 28. Qd3 {[%emt 0:00:10]} Qb6 {[%emt 0:02:37]} 29. Bxe6 {[%emt 0:00:21]} Rxe6 {[%emt 0:01:54]} 30. Qxd4+ {[%emt 0:00:34]} Bg7 {[%emt 0:00:10]} 31. Qxb6 {[%emt 0:00:16]} Rxb6 {[%emt 0:00:05]} 32. b3 {[%emt 0:01:09]} a5 {[%emt 0:00:25]} 33. Nf5 {[%emt 0:00:30]} a4 {[%emt 0:00:35]} 34. Rd3 {[%emt 0:00:29]} Rcb8 {[%emt 0:01:35]} 35. Nxg7 {[%emt 0:00:28]} Kxg7 {[%emt 0:00:30]} 36. Kb2 {[%emt 0:00:28]} axb3 {[%emt 0:00:48]} 37. Rxb3 {[%emt 0:00:38]} d4 {[%emt 0:01:38]} 38. Rd1 {[%emt 0:00:24]} Rxb3+ {[%emt 0:00:08]} 39. axb3 {[%emt 0:00:08]} Rd8 {[%emt 0:00:05]} 40. Kc2 {[%emt 0:00:56]} Kf6 {[%emt 0:00:15]} 41. b4 {[%emt 0:16:46]} Ke5 {[%emt 0:09:31]} 42. b5 {[%emt 0:04:11]} Rc8+ {[%emt 0:14:58]} 43. Kd2 {[%emt 0:02:25]} Ra8 {[%emt 0:04:39]} 44. Rb1 {[%emt 0:01:25]} Ra2+ {[%emt 0:02:00]} 45. Kd3 {[%emt 0:00:43]} Ra3+ {[%emt 0:00:42]} 46. Ke2 {[%emt 0:05:29]} Ra2+ {[%emt 0:00:43]} 47. Kf1 {[%emt 0:01:38]} d3 {[%emt 0:00:50]} 48. b6 {[%emt 0:00:39]} Ra8 {[%emt 0:00:02]} 49. b7 {[%emt 0:00:17]} Rb8 {[%emt 0:00:01]} 50. Ke1 {[%emt 0:00:43]} Kd4 {[%emt 0:01:08]} 51. Kd2 {[%emt 0:00:22]} Kc4 {[%emt 0:00:14]} 52. Rb2 {[%emt 0:00:32]} Kd4 {[%emt 0:00:40]} 53. Rb6 {[%emt 0:00:51]} Kc5 {[%emt 0:00:35]} 54. Rxh6 {[%emt 0:01:04]} Rxb7 {[%emt 0:00:06]} 55. Kxd3 {[%emt 0:00:18]} Kd5 {[%emt 0:00:11]} 56. Rf6 {[%emt 0:00:27]} Ke5 {[%emt 0:00:54]} 57. Rf5+ {[%emt 0:00:27]} Ke6 {[%emt 0:00:04]} 58. Rxg5 {[%emt 0:00:21]} Rb2 {[%emt 0:00:04]} 59. g3 {[%emt 0:00:25]} Rg2 {[%emt 0:01:11]} 60. Ke3 {[%emt 0:00:24]} Rxg3 {[%emt 0:02:17]} 61. Ra5 {[%emt 0:01:03]} Rg1 {[%emt 0:00:31]} 62. Kf4 {[%emt 0:00:13]} Kf6 {[%emt 0:00:21]} 63. Ra6+ {[%emt 0:00:37]} Kg7 {[%emt 0:00:25]} 64. Kg5 {[%emt 0:00:25]} Rb1 {[%emt 0:00:10]} 65. f4 {[%emt 0:00:24]} Rb5+ {[%emt 0:00:15]} 66. f5 {[%emt 0:00:21]} Rc5 {[%emt 0:00:03]} 67. Rd6 {[%emt 0:00:42]} Ra5 {[%emt 0:00:06]} 68. Kh5 {[%emt 0:00:44]} Rb5 {[%emt 0:00:05]} 69. Kg5 {[%emt 0:00:22]} Ra5 {[%emt 0:00:04]} 70. Rd8 {[%emt 0:00:15]} Rb5 {[%emt 0:00:10]} 71. Re8 {[%emt 0:00:24]} Ra5 {[%emt 0:00:10]} 72. Kf4 {[%emt 0:00:30]} Ra1 {[%emt 0:01:00]} 73. Re4 {[%emt 0:00:23]} f6 {[%emt 0:00:49]} 74. Re7+ {[%emt 0:00:27]} Kf8 {[%emt 0:00:04]} 75. Rb7 {[%emt 0:00:26]} Ra4+ {[%emt 0:00:23]} 76. Kg3 {[%emt 0:00:37]} Ra1 {[%emt 0:00:06]} 77. Rc7 {[%emt 0:00:50]} Rg1+ {[%emt 0:01:19]} 78. Kf4 {[%emt 0:00:23]} Re1 {[%emt 0:00:07]} 79. Kf3 {[%emt 0:00:27]} Kg8 {[%emt 0:00:19]} 80. Kf4 {[%emt 0:00:58]} Kf8 {[%emt 0:00:16]} 81. Rb7 {[%emt 0:00:28]} Kg8 {[%emt 0:02:20]} 82. Rc7 {[%emt 0:00:17]} Kf8 {[%emt 0:00:19]} 83. g5 {[%emt 0:00:24]} Rf1+ {[%emt 0:00:05]} 84. Ke4 {[%emt 0:00:11]} Re1+ {[%emt 0:00:06]} 85. Kd5 {[%emt 0:00:35]} fxg5 {[%emt 0:00:12]} 86. f6 {[%emt 0:00:50]} g4 {[%emt 0:00:08]} 87. Rg7 {[%emt 0:00:14]} g3 {[%emt 0:00:08]} 88. Rxg3 {[%emt 0:00:13]} 1/2-1/2

[Event "Teplice Open 2019"]
[Site "Teplice"]
[Date "2019.06.18"]
[Round "4.30"]
[White "Vales, Vaclav"]
[Black "Ahlander, Bjorn"]
[Result "0-1"]
[WhiteElo "2171"]
[BlackElo "2421"]
[Annotator "NA"]
[PlyCount "52"]
[EventDate "2019.06.15"]
[EventType "swiss"]
[EventCountry "CZE"]
[SourceTitle "playchess.com"]
[Source "ChessBase"]
[SourceQuality "1"]
[TimeControl "40/5400+30:1800+30"]

1. d4 {[%emt 0:45:16]} Nf6 {[%emt 0:00:06]} 2. c4 {[%emt 0:00:06]} e6 {[%emt 0:00:05]} 3. Nc3 {[%emt 0:00:10]} Bb4 {[%emt 0:00:26]} 4. Qc2 {[%emt 0:01:34]} c5 {[%emt 0:00:25]} 5. dxc5 {[%emt 0:00:09]} Na6 {[%emt 0:00:06]} 6. g3 {[%emt 0:09:55]} Nxc5 {[%emt 0:01:37]} 7. Bg2 {[%emt 0:03:22]} d6 {[%emt 0:06:43]} 8. a3 {[%emt 0:01:46]} Bxc3+ {[%emt 0:00:44]} 9. Qxc3 {[%emt 0:00:04]} a5 {[%emt 0:02:42]} 10. Bg5 {[%emt 0:03:01]} a4 {[%emt 0:03:13]} 11. Rd1 {[%emt 0:08:23]} Ra6 {[%emt 0:00:11]} 12. h4 {[%emt 0:15:08]} e5 {[%emt 0:06:17]} 13. h5 {[%emt 0:11:04]} h6 {[%emt 0:08:34]} 14. Bh4 {[%emt 0:05:03]} Bf5 {[%emt 0:09:08]} 15. f3 {[%emt 0:08:58]} Be6 {[%emt 0:10:10]} 16. e3 {[%emt 0:06:55]} Rb6 {[%emt 0:01:30]} 17. Bf1 {[%emt 0:01:43]} Rb3 {[%emt 0:08:46]} 18. Qd2 {[%emt 0:00:34]} Qb6 {[%emt 0:00:03]} 19. Rh2 {[%emt 0:04:35]} Nce4 {[%emt 0:10:01]} 20. fxe4 {[%emt 0:01:44]} Nxe4 {[%emt 0:00:02]} 21. c5 {[%emt 0:03:31]} Qxc5 {[%emt 0:01:28]} 22. Rc1 {[%emt 0:02:54]} Nxd2 {[%emt 0:04:55]} 23. Rxc5 {[%emt 0:00:17]} Nxf1 {[%emt 0:00:18]} 24. Kxf1 {[%emt 0:07:51]} dxc5 {[%emt 0:00:13]} 25. Rd2 {[%emt 0:00:11]} f6 {[%emt 0:00:32]} 26. Nf3 {[%emt 0:01:03]} Rd3 {[%emt 0:04:55]} 0-1

[Event "Teplice Open 2019"]
[Site "Teplice"]
[Date "2019.06.18"]
[Round "4.31"]
[White "Balinski, Damian"]
[Black "Handler, Lukas"]
[Result "1/2-1/2"]
[WhiteElo "2170"]
[BlackElo "2418"]
[Annotator "NA"]
[PlyCount "117"]
[EventDate "2019.06.15"]
[EventType "swiss"]
[EventCountry "CZE"]
[SourceTitle "playchess.com"]
[Source "ChessBase"]
[SourceQuality "1"]
[TimeControl "40/5400+30:1800+30"]

1. d4 {[%emt 0:00:00]} Nf6 {[%emt 0:00:00]} 2. c4 {[%emt 0:00:00]} e6 {[%emt 0:00:00]} 3. Nc3 {[%emt 0:00:00]} Bb4 {[%emt 0:00:00]} 4. Qc2 {[%emt 0:00:00]} O-O {[%emt 0:01:58]} 5. a3 {[%emt 0:00:00]} Bxc3+ {[%emt 0:00:08]} 6. Qxc3 {[%emt 0:00:00]} Ne4 {[%emt 0:00:19]} 7. Qc2 {[%emt 0:00:00]} f5 {[%emt 0:00:14]} 8. Nh3 {[%emt 0:00:11]} d6 {[%emt 0:03:31]} 9. f3 {[%emt 0:00:08]} Nf6 {[%emt 0:01:12]} 10. e3 {[%emt 0:00:02]} e5 {[%emt 0:02:15]} 11. dxe5 {[%emt 0:00:02]} dxe5 {[%emt 0:00:09]} 12. Be2 {[%emt 0:00:11]} a5 {[%emt 0:02:47]} 13. b3 {[%emt 0:03:47]} Nc6 {[%emt 0:05:41]} 14. O-O {[%emt 0:04:58]} Qe7 {[%emt 0:01:23]} 15. Nf2 {[%emt 0:01:03]} Be6 {[%emt 0:04:16]} 16. Bb2 {[%emt 0:04:00]} Nd7 {[%emt 0:04:49]} 17. Nd3 {[%emt 0:15:57]} Rae8 {[%emt 0:16:06]} 18. Qc3 {[%emt 0:14:14]} Bf7 {[%emt 0:09:30]} 19. b4 {[%emt 0:03:28]} Nb6 {[%emt 0:08:19]} 20. b5 {[%emt 0:07:55]} Na4 {[%emt 0:05:41]} 21. Qd2 {[%emt 0:16:53]} Nxb2 {[%emt 0:02:00]} 22. Nxb2 {[%emt 0:02:16]} Nd8 {[%emt 0:01:36]} 23. Qxa5 {[%emt 0:04:32]} Ne6 {[%emt 0:04:10]} 24. Qc3 {[%emt 0:02:39]} f4 {[%emt 0:05:17]} 25. Qxe5 {[%emt 0:03:03]} fxe3 {[%emt 0:00:07]} 26. Qxe3 {[%emt 0:01:31]} Qf6 {[%emt 0:02:37]} 27. Qd2 {[%emt 0:03:39]} Nf4 {[%emt 0:01:05]} 28. Rf2 {[%emt 0:04:25]} Re7 {[%emt 0:02:41]} 29. Bf1 {[%emt 0:00:48]} Rfe8 {[%emt 0:00:15]} 30. Rd1 {[%emt 0:01:11]} b6 {[%emt 0:00:37]} 31. Qd4 {[%emt 0:03:34]} Qg5 {[%emt 0:01:08]} 32. g3 {[%emt 0:00:57]} Ne6 {[%emt 0:00:17]} 33. Qd2 {[%emt 0:00:59]} Qc5 {[%emt 0:00:36]} 34. Qb4 {[%emt 0:00:30]} Qf5 {[%emt 0:03:05]} 35. Bd3 {[%emt 0:02:01]} Qf6 {[%emt 0:00:17]} 36. Re1 {[%emt 0:01:15]} Ng5 {[%emt 0:02:18]} 37. Rxe7 {[%emt 0:00:06]} Rxe7 {[%emt 0:00:35]} 38. Kg2 {[%emt 0:00:23]} Re3 {[%emt 0:00:49]} 39. f4 {[%emt 0:00:33]} Ne4 {[%emt 0:01:24]} 40. Bxe4 {[%emt 0:02:10]} Rxe4 {[%emt 0:00:04]} 41. Qd2 {[%emt 0:10:14]} Qe7 {[%emt 0:06:04]} 42. a4 {[%emt 0:02:42]} h5 {[%emt 0:12:02]} 43. h4 {[%emt 0:04:23]} Re3 {[%emt 0:06:50]} 44. Qd4 {[%emt 0:02:24]} Qa3 {[%emt 0:00:47]} 45. Qd8+ {[%emt 0:00:48]} Kh7 {[%emt 0:00:12]} 46. Qg5 {[%emt 0:00:09]} Rb3 {[%emt 0:05:28]} 47. Nd1 {[%emt 0:03:03]} Qc1 {[%emt 0:00:29]} 48. Qe7 {[%emt 0:01:26]} Qxc4 {[%emt 0:04:05]} 49. Ne3 {[%emt 0:01:55]} Bd5+ {[%emt 0:02:15]} 50. Nxd5 {[%emt 0:00:10]} Qxd5+ {[%emt 0:00:04]} 51. Kh2 {[%emt 0:00:11]} Rb1 {[%emt 0:02:41]} 52. Rg2 {[%emt 0:00:02]} Qd1 {[%emt 0:00:21]} 53. Qe4+ {[%emt 0:00:12]} Kh6 {[%emt 0:00:52]} 54. Rc2 {[%emt 0:01:20]} g6 {[%emt 0:01:39]} 55. f5 {[%emt 0:01:09]} Qg1+ {[%emt 0:00:37]} 56. Kh3 {[%emt 0:00:02]} Qf1+ {[%emt 0:00:06]} 57. Kh2 {[%emt 0:00:16]} Qg1+ {[%emt 0:00:06]} 58. Kh3 {[%emt 0:00:07]} Qf1+ {[%emt 0:00:07]} 59. Kh2 {[%emt 0:00:05]} 1/2-1/2

[Event "Teplice Open 2019"]
[Site "Teplice"]
[Date "2019.06.18"]
[Round "4.32"]
[White "Siddharth, Jagadeesh"]
[Black "Subramanian, Aditya"]
[Result "1-0"]
[WhiteElo "2416"]
[BlackElo "2167"]
[Annotator "NA"]
[PlyCount "147"]
[EventDate "2019.06.15"]
[EventType "swiss"]
[EventCountry "CZE"]
[SourceTitle "playchess.com"]
[Source "ChessBase"]
[SourceQuality "1"]
[TimeControl "40/5400+30:1800+30"]

1. Nf3 {[%emt 0:00:00]} d5 {[%emt 0:00:00]} 2. c4 {[%emt 0:00:00]} e6 {[%emt 0:00:18]} 3. g3 {[%emt 0:00:00]} Nf6 {[%emt 0:01:37]} 4. b3 {[%emt 0:00:00]} Be7 {[%emt 0:02:42]} 5. Bg2 {[%emt 0:00:00]} O-O {[%emt 0:00:23]} 6. O-O {[%emt 0:00:06]} b6 {[%emt 0:00:11]} 7. Bb2 {[%emt 0:00:09]} c5 {[%emt 0:01:18]} 8. e3 {[%emt 0:00:05]} Ba6 {[%emt 0:00:36]} 9. d3 {[%emt 0:00:11]} Nc6 {[%emt 0:01:13]} 10. Qe2 {[%emt 0:00:06]} Qc7 {[%emt 0:04:10]} 11. Nc3 {[%emt 0:00:08]} Rad8 {[%emt 0:03:03]} 12. Rac1 {[%emt 0:06:33]} Qb8 {[%emt 0:06:59]} 13. Rfd1 {[%emt 0:06:06]} Rfe8 {[%emt 0:04:44]} 14. d4 {[%emt 0:08:03]} Rc8 {[%emt 0:11:07]} 15. Nb5 {[%emt 0:12:24]} cxd4 {[%emt 0:09:55]} 16. exd4 {[%emt 0:03:52]} Na5 {[%emt 0:03:59]} 17. Ne5 {[%emt 0:02:30]} dxc4 {[%emt 0:01:54]} 18. bxc4 {[%emt 0:00:12]} Rxc4 {[%emt 0:01:36]} 19. Nxc4 {[%emt 0:13:16]} Bxb5 {[%emt 0:00:23]} 20. d5 {[%emt 0:00:10]} exd5 {[%emt 0:10:09]} 21. Bxd5 {[%emt 0:00:29]} Nxd5 {[%emt 0:04:36]} 22. Rxd5 {[%emt 0:05:19]} Bxc4 {[%emt 0:03:45]} 23. Qg4 {[%emt 0:01:05]} f6 {[%emt 0:07:40]} 24. Rxa5 {[%emt 0:03:34]} bxa5 {[%emt 0:01:31]} 25. Qxc4+ {[%emt 0:00:02]} Kf8 {[%emt 0:01:07]} 26. Rb1 {[%emt 0:01:52]} Qd6 {[%emt 0:02:55]} 27. Qe4 {[%emt 0:07:25]} g6 {[%emt 0:05:39]} 28. Re1 {[%emt 0:00:01]} Rd8 {[%emt 0:01:29]} 29. Bc3 {[%emt 0:00:54]} Rd7 {[%emt 0:00:43]} 30. Qe3 {[%emt 0:02:51]} Qb6 {[%emt 0:04:56]} 31. Qf4 {[%emt 0:04:02]} Kg7 {[%emt 0:01:27]} 32. Qa4 {[%emt 0:01:25]} Qb7 {[%emt 0:01:38]} 33. Bxa5 {[%emt 0:00:57]} Qd5 {[%emt 0:00:29]} 34. Bc3 {[%emt 0:00:45]} Bc5 {[%emt 0:00:27]} 35. Qf4 {[%emt 0:01:35]} Rf7 {[%emt 0:00:17]} 36. a4 {[%emt 0:02:33]} h5 {[%emt 0:00:25]} 37. Rc1 {[%emt 0:01:34]} Bd6 {[%emt 0:00:43]} 38. Qh4 {[%emt 0:02:49]} Bc5 {[%emt 0:00:30]} 39. Qf4 {[%emt 0:05:31]} Bd6 {[%emt 0:00:06]} 40. Qd4 {[%emt 0:00:11]} Qxd4 {[%emt 0:00:56]} 41. Bxd4 {[%emt 0:30:02]} Be5 {[%emt 0:11:53]} 42. Be3 {[%emt 0:00:00]} Re7 {[%emt 0:03:15]} 43. Rc6 {[%emt 0:00:00]} Kf7 {[%emt 0:01:14]} 44. Rc8 {[%emt 0:00:00]} a5 {[%emt 0:04:07]} 45. Rc5 {[%emt 0:00:00]} Bc7 {[%emt 0:00:37]} 46. Bd2 {[%emt 0:00:00]} Bb6 {[%emt 0:01:41]} 47. Rb5 {[%emt 0:00:00]} Re2 {[%emt 0:01:03]} 48. Rxb6 {[%emt 0:00:00]} Rxd2 {[%emt 0:00:06]} 49. Rb5 {[%emt 0:00:00]} g5 {[%emt 0:00:17]} 50. Rxa5 {[%emt 0:00:00]} Ra2 {[%emt 0:00:24]} 51. h3 {[%emt 0:00:00]} Kg7 {[%emt 0:00:31]} 52. g4 {[%emt 0:00:00]} h4 {[%emt 0:00:09]} 53. Ra7+ {[%emt 0:00:00]} Kg6 {[%emt 0:04:53]} 54. a5 {[%emt 0:00:00]} Ra3 {[%emt 0:00:09]} 55. Kg2 {[%emt 0:00:00]} Ra2 {[%emt 0:00:07]} 56. a6 {[%emt 0:00:00]} f5 {[%emt 0:00:41]} 57. gxf5+ {[%emt 0:00:00]} Kxf5 {[%emt 0:00:03]} 58. Ra8 {[%emt 0:00:00]} Kg6 {[%emt 0:01:48]} 59. Kf1 {[%emt 0:01:53]} Kh7 {[%emt 0:01:11]} 60. f3 {[%emt 0:00:18]} Kg7 {[%emt 0:00:22]} 61. a7 {[%emt 0:00:18]} Kh7 {[%emt 0:00:34]} 62. Ke1 {[%emt 0:00:30]} Kg7 {[%emt 0:00:25]} 63. Kd1 {[%emt 0:00:09]} Kh7 {[%emt 0:00:35]} 64. Kc1 {[%emt 0:00:05]} Kg7 {[%emt 0:00:06]} 65. Kb1 {[%emt 0:00:04]} Ra6 {[%emt 0:00:47]} 66. Kb2 {[%emt 0:00:08]} Kh7 {[%emt 0:00:20]} 67. Kc3 {[%emt 0:00:13]} Kg7 {[%emt 0:00:47]} 68. Kb4 {[%emt 0:00:05]} Ra1 {[%emt 0:00:05]} 69. Kc5 {[%emt 0:00:18]} Kh7 {[%emt 0:00:27]} 70. Kd5 {[%emt 0:00:11]} Kg7 {[%emt 0:00:09]} 71. Ke5 {[%emt 0:00:14]} Ra5+ {[%emt 0:00:14]} 72. Ke6 {[%emt 0:00:04]} Kh7 {[%emt 0:00:52]} 73. Kf6 {[%emt 0:00:09] Kg7+ Ke6} Ra3 {[%emt 0:02:23]} 74. Ke5 {[%emt 0:01:37]} 1-0